| 000 | 01052nam a2200265 i 4500 | ||
|---|---|---|---|
| 001 | 182820 | ||
| 003 | ES-MaACL | ||
| 005 | 20250830063513.0 | ||
| 008 | 131107s1984 sp | |||| ||spa d | ||
| 020 | _a84-000-5877-1 | ||
| 080 | _a23:001.8(091) | ||
| 080 | _a23 Martínez de Osma, Pedro | ||
| 100 | 1 |
_aCardó Guinaldo, María Teresa. _9152920 |
|
| 245 | 1 | 0 |
_aCríticas y aportación de Pedro Martínez de Osma (+1480) al método teológico / _cMaría Teresa Cardó Guinaldo, Klaus Reinhardt, Horacio Santiago-Otero. |
| 260 |
_aMadrid : _bInstituto Francisco Suárez del C.S.I.C., _c1984. |
||
| 300 |
_a41 p. ; _c24 cm. |
||
| 490 | 1 |
_aHumanismo, reforma y teología ; _vcuaderno 57. _aSerie Estudios ; _v19 |
|
| 600 | 1 | 4 |
_aMartínez de Osma, Pedro. _9153791 |
| 650 | 0 | 4 |
_aTeología- _xMetodología _917462 |
| 700 | 1 | 0 |
_aReinhardt, Klaus. _996057 |
| 700 | 1 | 0 |
_aSantiago-Otero, Horacio. _9103408 |
| 830 | 0 | 0 |
_aHumanismo, reforma y teología _vcuaderno 57. _v19 _9224899 |
| 852 |
_aES-MaACL _j2329-F-32 |
||
| 999 |
_c182820 _d182820 |
||